| 000 | 00594cam a2200241 4500 | ||
|---|---|---|---|
| 001 | 3627718 | ||
| 005 | 20180215071444.0 | ||
| 008 | 740605s1974 ne bs 001 0 eng | ||
| 010 | _a 74167160 | ||
| 015 | _aNe74-13 | ||
| 020 | _a902372254X | ||
| 040 |
_aDLC _cDLC _dDLC |
||
| 041 | _aeng | ||
| 080 | _a301.32 OVE | ||
| 082 | 0 | 0 | _a301.32 OVE |
| 100 | 1 | _a16 | |
| 101 | _aHIS | ||
| 245 | 1 | 0 |
_aHistory of population theories. _c[By] J. Overbeek. |
| 350 | _afl51.50 | ||
| 504 | _aBibliography: p. 214-224. | ||
| 906 |
_a7 _bcbc _corignew _d3 _encip _f19 _gy-gencatlg |
||
| 942 |
_2ddc _cBK |
||
| 999 |
_c42659 _d42659 |
||